Management accounting / (Record no. 742)
[ view plain ]
| 000 -LEADER | |
|---|---|
| fixed length control field | 01122cam a2200325 a 4500 |
| 003 - CONTROL NUMBER IDENTIFIER | |
| control field | OSt |
| 005 - DATE AND TIME OF LATEST TRANSACTION | |
| control field | 20210616140602.0 |
| 008 - FIXED-LENGTH DATA ELEMENTS--GENERAL INFORMATION | |
| fixed length control field | s1999 oncac b 001 0 eng c |
| 020 ## - INTERNATIONAL STANDARD BOOK NUMBER | |
| International Standard Book Number | 0139061657 |
| 040 ## - CATALOGING SOURCE | |
| Transcribing agency | ALUPE UNIVERSITY |
| 050 ## - LIBRARY OF CONGRESS CALL NUMBER | |
| Classification number | HF5657.4 |
| Item number | .H67 1999 |
| 090 ## - LOCALLY ASSIGNED LC-TYPE CALL NUMBER (OCLC); LOCAL CALL NUMBER (RLIN) | |
| Classification number (OCLC) (R) ; Classification number, CALL (RLIN) (NR) | 657 H586 1999 |
| 100 1# - MAIN ENTRY--PERSONAL NAME | |
| Personal name | Horngren, Charles T., |
| Dates associated with a name | 1926-2011 |
| 245 10 - TITLE STATEMENT | |
| Title | Management accounting / |
| Statement of responsibility, etc. | Charles T. Horngren, Gary L. Sundem, William O. Stratton, Howard D. Teall. |
| 250 ## - EDITION STATEMENT | |
| Edition statement | Third Canadian edition |
| 260 ## - PUBLICATION, DISTRIBUTION, ETC. | |
| Place of publication, distribution, etc. | Scarborough, Ont. : |
| Name of publisher, distributor, etc. | Prentice-Hall Canada, |
| Date of publication, distribution, etc. | 1999. |
| 300 ## - PHYSICAL DESCRIPTION | |
| Extent | 774 pages : |
| Other physical details | illustrations, portraits ; |
| Dimensions | 28 cm. |
| 336 ## - CONTENT TYPE | |
| Content type term | text |
| Content type code | txt |
| Source | rdacontent |
| 337 ## - MEDIA TYPE | |
| Media type term | unmediated |
| Media type code | n |
| Source | rdamedia |
| 338 ## - CARRIER TYPE | |
| Carrier type term | volume |
| Carrier type code | nc |
| Source | rdacarrier |
| 650 #0 - SUBJECT ADDED ENTRY--TOPICAL TERM | |
| Topical term or geographic name entry element | Accounting. |
| 650 #0 - SUBJECT ADDED ENTRY--TOPICAL TERM | |
| Topical term or geographic name entry element | Managerial accounting. |
| 700 1# - ADDED ENTRY--PERSONAL NAME | |
| Personal name | Sundem, Gary L. |
| 700 1# - ADDED ENTRY--PERSONAL NAME | |
| Personal name | Stratton, William O. |
| 700 1# - ADDED ENTRY--PERSONAL NAME | |
| Personal name | Teall, Howard D. |
| 906 ## - LOCAL DATA ELEMENT F, LDF (RLIN) | |
| a | AD:0:1 |
| -- | AG:0:1 |
| -- | AN:0:2 |
| -- | BB:0:3 |
| -- | CL:0:1 |
| -- | DM:0:1 |
| -- | EA:0:1 |
| -- | FV:0:2 |
| -- | KE:1:0 |
| -- | ND:0:1 |
| -- | PL:0:2 |
| -- | PU:0:1 |
| -- | RS:0:1 |
| -- | TRL:0:1 |
| 942 ## - ADDED ENTRY ELEMENTS (KOHA) | |
| Source of classification or shelving scheme | |
| Koha item type | Book |
| Suppress in OPAC | SO |
| 948 ## - LOCAL PROCESSING INFORMATION (OCLC); SERIES PART DESIGNATOR (RLIN) | |
| Series part designator, SPT (RLIN) | 20/10/2000 |
| b (OCLC) | 20/10/2000 |
| Withdrawn status | Lost status | Source of classification or shelving scheme | Damaged status | Not for loan | Permanent Location | Current Location | Shelving location | Date acquired | Total Checkouts | Full call number | Barcode | Date last seen | Price effective from | Koha item type | Public note |
|---|---|---|---|---|---|---|---|---|---|---|---|---|---|---|---|
| AU LIBRARY | AU LIBRARY | Open Shelf | 16.06.2021 | HF5657.4 .H67 1999 | 28000227 | 16.06.2021 | 16.06.2021 | Book | SO |